| 000 | 01548nam1a2200361 i 4500 | ||
|---|---|---|---|
| 001 | RU\NLR\bibl\1035382 | ||
| 005 | 20241103121657.0 | ||
| 035 | _a(NLR Aleph) 001022817 | ||
| 090 |
_a709383 _c709383 |
||
| 100 | _a20070124g20069999u y0rusy50 ca | ||
| 101 | 0 |
_arus _afre |
|
| 102 | _aRU | ||
| 105 | _aa ||||||||| | ||
| 200 | 1 |
_aЖивая грамматика русского языка _dGrammaire vivante du Russe _eдля говорящих на французском языке _fЛариса Грушевская, Наталия Битехтина _zfre |
|
| 210 |
_aМосква _cКРЕФ-Р _d2006 |
||
| 215 | _d28 | ||
| 300 | _aЗагл. обл. на фр. яз. | ||
| 300 | _aАвт. также на фр. яз.: Larissa Ggouchevskaia, Natalia Bitekhtina | ||
| 463 | 0 | _10011025253 | |
| 463 | 0 | _10011028637 | |
| 512 | 1 |
_6z17790 _aGrammaire vivante du Russe |
|
| 606 |
_aРусский язык _jУчебные издания для иностранцев _xГрамматика _91567837 _3RU\NLR\auth\66986424 |
||
| 686 | _aШ141.12-93франц-2 | ||
| 700 | 1 |
_4070 _7ca _8rus _aГрушевская _bЛ. Ю. _gЛариса Ю. _9220882 _3RU\NLR\AUTH\770220938 |
|
| 701 | 1 |
_aБитехтина _bН. Б. _gНаталия Б. _4070 |
|
| 790 | 1 |
_4070 _7ba _8rus _aGruševskaja _bL. J. _gLarisa J. _9220883 _3RU\NLR\AUTH\770220939 |
|
| 790 | 1 |
_6z17 _aBitechtina _bN. B. _gNatalija B. _4070 |
|
| 801 | 0 |
_aRU _bNLR _c20070124 _gRCR |
|
| 801 | 1 |
_aRU _bNLR _c20070124 |
|
| 852 |
_aNLR _j2006-8/3546 |
||
| 942 | _cBOOK | ||